000 00807nam a2200169Ia 4500
008 090711s9999 xx 000 0 und d
082 _b1267
100 _aघाणेकर प्र. के.
245 _aसफर दिवेआगरSाी निसर्गराज श्रीवर्धन परिसराSाी
260 _bस्नेहल प्रकाशन
_c2000
300 _a55
600 _aघाणेकर प्र. के.
630 _aसफर दिवेआगरSाी निसर्गराज श्रीवर्धन परिसराSाी
700 _aघाणेकर प्र. के.
730 _aसफर दिवेआगरSाी निसर्गराज श्रीवर्धन परिसराSाी
942 _cBOOK
999 _c338271
_d338271